000 00584nam a2200193Ia 4500
005 20250326140305.0
008 250326s9999 xx 000 0 und d
037 _aTextbook
040 _aFMSL
_beng
_cFMSL
041 _aeng
_2eng
084 _aX:8ogD658(2:55) M3
_qFMSL
100 _aBurch J G
_9741978
245 0 _aInformation Systems: Theory and Practice
_cBurch J G; Grudnitski G And Others
250 _aEd 3
260 _aNew York
_bNew York, John Wiley & Sons
_c1983
300 _a632p
942 _cTB
_hX:8ogD658(2:55) M3
999 _c1285117
_d1285117